How to say "Hello" in European languages - Statistics

General Stats
  • This quiz has been taken 76 times
  • The average score is 10 of 24
Answer Stats
Language Answer % Correct
English Hello
100%
Hungarian Helló
100%
Spanish Hola
88%
Icelandic Halló
84%
Dutch Hallo
84%
German Hallo
84%
French Bonjour
77%
Italian Ciao
69%
Danish Hej
47%
Russian Privet
38%
Finnish Hei
34%
Czech Ahoj
28%
Turkish Merhaba
20%
Croatian Zdravo
20%
Irish Dia dhuit
13%
Estonian Tere
13%
Polish Witam
13%
Romanian Buna ziua
11%
Greek Geiá sou
9%
Swedish Hallå
8%
Basque Kaixo
8%
Latvian Sveiki
8%
Lithuanian Sveiki
8%
Bulgarian Zdraveĭte
3%
No matching quizzes found
Score Distribution
Percent of People with Each Score
Percentile by Number Answered
Your Score History
You have not taken this quiz